000 00563nam a22001697a 4500
999 _c19818
_d19818
008 240323b ||||| |||| 00| 0 eng d
020 _a0382028244
082 _aDC 973
_bB81 1985
100 _aBrown, Richard C.
_955250
245 _aOne flag, one land /
_cRichard C. Brown and Herbert J. Bass.
260 _aNew Jersey :
_bSilver Burdett Company,
_c©1985.
300 _a756 pages :
_bcolor illustrations ;
_c26 cm.
500 _aIncludes glossary.
650 _aUnited States
_xHistory.
_955747
700 _aBass, Herbert J.
_955251
_eauthor.
942 _2ddc
_cDC